000
00294nam a22001097a 4500
082
_a
669 PHY'R
100
_a
RHODIN, THOR N
_9
58382
245
_a
PHYSICAL METALLURGY OF STRESS CORROSION FRACTURE METALLURGICAL SOCIETY CONFERENCE
250
_a
VOL-4
260
_a
NEWYORK
_b
IP
_c
1959
942
_c
BK
999
_c
568581
_d
568581